000 00454nam a2200193Ia 4500
005 20240823053950.0
008 240823s9999||||xx |||||||||||||| ||und||
020 _a978-93-5024-908-6
041 _aENGLISH
082 _A332.10688 Q1
100 _aJha S M
245 0 _aBank Marketing
250 _a2nd
260 _c2011
_bHimalaya Publishign
500 _aYES
650 _aBank Marketing
_bManagement Studies
942 _cBK
999 _c225360
_d225360